| 000 | 02100nam a2200217 a 4500 | ||
|---|---|---|---|
| 008 | 171103e2014 ag ||||g |||| 00| 0 spa d | ||
| 020 | _a9789504936923 | ||
| 041 | _aspa | ||
| 092 |
_c616.8 _l51 _sMAN |
||
| 100 | 1 |
_aManes, Facundo _94107 |
|
| 245 |
_aUsar el cerebro. _bConocer nuestra mente para vivir mejor / _cFacundo Manes |
||
| 250 | _a13a ed. | ||
| 260 |
_aBuenos Aires: _bPlaneta; _c2014. |
||
| 300 |
_a368 p. _c21x13 cm. |
||
| 500 | _aManes, F. y Niro, M. (2014). Usar el cerebro. Conocer nuestra mente para vivir mejor. (13a ed.). Buenos Aires : Planeta. | ||
| 505 | _aCómo tomamos cada una de nuestras decisiones? ¿Qué es la ciencia? ¿Y qué son las emociones? ¿De dónde viene la inteligencia? El cerebro humano es la estructura más complejo del universo, tanto que se propone el desafío de entenderse a sí mismo. Todo lo que hacemos depende de esta "máquina" que contiene más neuronas que las estrellas que existen en nuestra galaxia. Hasta hace solo algunas décadas estas incógnitas eran abordadas únicamente por filósofos, artistas, líderes religiosos y científicos que trabajan de manera aislada. Sin embargo, en los últimos años las neurociencias emergieron como una nueva herramienta para intentar entender estos y otros enigmas. Por tratarse de una disciplina tan importante, ligada a preguntas e interrogantes vitales, es fundamental que su trabajo y sus logros no queden atrapados en laboratorios, sino que sean conocidos y compartidos por todos y cada uno de nosotros. Por eso, un libro de como Usar el cerebro se vuelve indispensable. Porque Facundo Manes -una autoridad internacional en el tema- de la mano de Mateo Niro, no solo deja en claro que el estudio neurocientífico resulta tan apasionante como innovador, sino también que, más allá de sus alcances, ha logrado progresos y descubrimientos que permitieron enriquecer la calidad de vida de millones de personas. En pocas palabras: conocer nuestra mente para vivir mejor. | ||
| 590 | _aDonacion Febrero 2020 | ||
| 655 |
_aLiteratura _92917 |
||
| 700 | 1 |
_aNiro, Mateo _94108 |
|
| 942 |
_2ddc _cLIT |
||
| 999 |
_c3061 _d3061 |
||